000 00472nam a2200145 a 4500
001 000017235
005 20200929165045.0
008 100322s1965 sp a 000 0 spa d
040 _aDO-SdBNP
_bspa
_cBNPHU
100 1 _aLópez Serrano, Matilde
_935720
245 1 0 _aEl Escorial :
_bel monasterio y las casitas del principe y del infante /
_cMatilde López Serrano.
260 _aMadrid :
_bPatrimonio Nacional,
_c1965.
300 _a224 p. :
_bils. ;
_c18 cm.
049 _aBNPD
999 _c16760
_d16760